000 00336nam a2200133Ia 4500
005 20260328101445.0
008 260328s9999||||xx |||||||||||||| ||und||
100 _aAdes, Dawn
245 0 _aEl Dadá y el Surrealismo :
_b Con 62 ilustraciones en Color /
_cDawn Ades
260 _bLabor
300 _a62 p.
650 _aARTE
942 _cBK
999 _c8429
_d8429